Cultivo de la mora: innovaciones tecnológicas (Registro nro. 3341)
[ vista simple ]
| 000 -Cabecera | |
|---|---|
| Campo de control de longitud fija | 00663aam a2200253 4500 |
| 005 - Fecha y hora de la última transacción | |
| Campo de control | 20231123192512.0 |
| 008 - Elementos de longitud fija--Información general | |
| Campo de control de longitud fija | 150320b2005 xxu||||| |||| 00| 0 spa d |
| 020 ## - International Standard Book Number | |
| Número Internacional Estándar del Libro (ISBN) | 9789977661681 |
| 041 ## - Idioma | |
| Código de idioma | Español |
| 082 ## - Clasificación Decimal Dewey | |
| Número de clasificación | 634.713 F634c |
| 100 ## - Entrada principal--Autor personal | |
| Nombre personal | Flores Mora, Dora |
| 9 (RLIN) | 28556 |
| 100 ## - Entrada principal--Autor personal | |
| Nombre personal | Argüello Delgado, Félix |
| 9 (RLIN) | 28557 |
| 245 ## - Título propiamente dicho | |
| Título | Cultivo de la mora: innovaciones tecnológicas |
| 260 ## - Pie de imprenta | |
| Lugar de publicación, distribución, etc. | Costa Rica |
| 260 ## - Pie de imprenta | |
| Nombre del editor, distribuidor, etc. | Editorial Tecnológica de Costa Rica |
| 260 ## - Pie de imprenta | |
| Fecha de publicación, distribución, etc. | 2005 |
| 300 ## - Descripción física | |
| Extensión | 176 páginas |
| 650 ## - Materia general | |
| Temática (materia general) | CULTIVOS VEGETALES |
| 650 ## - Materia general | |
| Temática (materia general) | MORA |
| 650 ## - Materia general | |
| Temática (materia general) | GENOTIPOS |
| 650 ## - Materia general | |
| Temática (materia general) | COSTOS DE PRODUCCIÓN |
| 942 ## - Punto de acceso adicional KOHA | |
| Tipo de ítem KOHA | Libro |
| Fuente del sistema de clasificación o colocación | Dewey Decimal Classification |
| Signatura completa | Código de barras | Programa Académico | Tipo de ítem |
|---|---|---|---|
| 634.713 F634c | 18340 | Turismo | Libro |